<?xml version="1.0" encoding="UTF-8"?><?xml-stylesheet type="text/xsl" href="static/style.xsl"?><OAI-PMH xmlns="http://www.openarchives.org/OAI/2.0/" xmlns:xsi="http://www.w3.org/2001/XMLSchema-instance" xsi:schemaLocation="http://www.openarchives.org/OAI/2.0/ http://www.openarchives.org/OAI/2.0/OAI-PMH.xsd"><responseDate>2026-06-01T13:39:23Z</responseDate><request verb="GetRecord" identifier="oai:riuma.uma.es:10630/44994" metadataPrefix="marc">https://riuma.uma.es/rest/oai/request</request><GetRecord><record><header><identifier>oai:riuma.uma.es:10630/44994</identifier><datestamp>2026-01-29T00:47:08Z</datestamp><setSpec>com_10630_2254</setSpec><setSpec>col_10630_37953</setSpec></header><metadata><record xmlns="http://www.loc.gov/MARC21/slim" xmlns:dcterms="http://purl.org/dc/terms/" xmlns:doc="http://www.lyncode.com/xoai" xmlns:xsi="http://www.w3.org/2001/XMLSchema-instance" xsi:schemaLocation="http://www.loc.gov/MARC21/slim http://www.loc.gov/standards/marcxml/schema/MARC21slim.xsd">
   <leader>00925njm 22002777a 4500</leader>
   <datafield ind2=" " ind1=" " tag="042">
      <subfield code="a">dc</subfield>
   </datafield>
   <datafield ind2=" " ind1=" " tag="720">
      <subfield code="a">López-Gil, Juana Milagros</subfield>
      <subfield code="e">author</subfield>
   </datafield>
   <datafield ind2=" " ind1=" " tag="260">
      <subfield code="c">2022</subfield>
   </datafield>
   <datafield ind2=" " ind1=" " tag="520">
      <subfield code="a">El presente trabajo analiza la ejecución de las medidas civiles de protección del menor consistentes en la prohibición de aproximación y comunicación, introducidas en el artículo 158 del Código Civil tras las reformas de 2015 y 2021. Aunque estas medidas suponen una importante innovación en la protección de menores en situaciones de riesgo dentro de los procesos de familia, su incorporación al ordenamiento jurídico no ha ido acompañada de una regulación procesal específica que garantice su efectividad en caso de incumplimiento.

El estudio examina la naturaleza jurídica de estas prohibiciones, que implican una limitación de derechos fundamentales, y pone de relieve las carencias del sistema de ejecución previsto en la Ley de Enjuiciamiento Civil para las obligaciones de no hacer. En particular, se evidencia la inadecuación de los mecanismos tradicionales de ejecución civil —como la transformación de la obligación en una indemnización por daños y perjuicios o la imposición de multas coercitivas— para asegurar la finalidad protectora de estas medidas, centrada en el interés superior del menor.

Asimismo, se compara la escasa eficacia de la respuesta civil frente al incumplimiento con la mayor contundencia y eficacia de las medidas equivalentes adoptadas en el ámbito penal, destacando la desigualdad de trato que se produce pese a la identidad material de las prohibiciones. El trabajo concluye señalando la necesidad de una reforma normativa que dote a estas medidas civiles de un régimen de ejecución adecuado y ágil, proponiendo, de lege ferenda, una revisión del marco procesal y penal que permita garantizar de forma efectiva la protección del menor frente a situaciones de riesgo.</subfield>
   </datafield>
   <datafield ind1="8" ind2=" " tag="024">
      <subfield code="a">López-Gil, Milagros, "La ejecución de los pronunciamientos limitativos de Derechos Fundamentales adoptados en los procesos de familia", La Ley Derecho de Familia. Wolters Kluwer. Nº 33, 2022, pp.147-162</subfield>
   </datafield>
   <datafield ind1="8" ind2=" " tag="024">
      <subfield code="a">2341-0566</subfield>
   </datafield>
   <datafield ind1="8" ind2=" " tag="024">
      <subfield code="a">https://hdl.handle.net/10630/44994</subfield>
   </datafield>
   <datafield tag="653" ind2=" " ind1=" ">
      <subfield code="a">Protección de menores</subfield>
   </datafield>
   <datafield tag="653" ind2=" " ind1=" ">
      <subfield code="a">Familia - Derecho y legislación</subfield>
   </datafield>
   <datafield ind2="0" ind1="0" tag="245">
      <subfield code="a">La ejecución de los pronunciamientos limitativos de Derechos Fundamentales adoptados en los procesos de familia</subfield>
   </datafield>
</record>
</metadata></record></GetRecord></OAI-PMH>